| 000 | 00452nam a2200133Ia 4500 | ||
|---|---|---|---|
| 008 | 181023s9999 xx 000 0 und d | ||
| 020 | _a9781138945005 | ||
| 100 | _aWeinstein, Anna. | ||
| 245 |
_cAnna Weinstein.-- _aDirecting for the screen / |
||
| 260 |
_aNew York : _bRoutledge _c2017 |
||
| 300 | _axvii, 271 pages. | ||
| 650 | _aMotion picture producers and directors. | ||
| 650 | _aMotion pictures -- production and direction -- vocational guidance. | ||
| 999 |
_c359341 _d359341 |
||